000 00323 a2200121 4500
000 nam a22 7a 4500
005 20260318091946.0
020 _a9788131614679
100 _aThorat S.
_91132360
245 _aConfronting caste exclusion: academic journey in search
260 _bRawat Publication
_c2025
942 _cTEXL
999 _c1715641
_d1715641